Geography Quiz

Random Geography or World Quiz

North of Africa Quiz Stats

 Plays Quiz Updated Jul 14, 2016

Score 0/44 Timer 05:00
0 Plays Today
Country % Correct
Canada
94.9%
Sweden
94.9%
Russia
94.7%
Finland
92.6%
Germany
90.8%
Denmark
90.2%
Poland
87%
Iceland
86.1%
Latvia
86.1%
Lithuania
84.6%
Estonia
84.2%
Belgium
83.6%
Ireland
83.1%
Austria
82.4%
Slovakia
81.6%
Czechia
81.5%
Ukraine
81%
Luxembourg
80.9%
Switzerland
80.7%
Slovenia
79.3%
Hungary
78.1%
Romania
77.8%
Country % Correct
Mongolia
77.7%
Liechtenstein
77.1%
Belarus
76.5%
Serbia
75.8%
Croatia
74.5%
Vatican City
74.4%
Andorra
73.8%
Bulgaria
73.5%
Georgia
71.4%
Bosnia and Herzegovina
71.1%
Kazakhstan
70.7%
North Korea
70.6%
San Marino
70.2%
Monaco
69.7%
Albania
68.4%
Macedonia
68.1%
Montenegro
68%
Moldova
67.4%
Kosovo
66.6%
Armenia
65.2%
Azerbaijan
65%
Kyrgyzstan
54.7%

You're not logged in!

Compare scores with friends on all Sporcle quizzes.
OR
Log In

You Might Also Like...

Show Comments

Extras

Top Quizzes Today


Score Distribution

Your Account Isn't Verified!

In order to create a playlist on Sporcle, you need to verify the email address you used during registration. Go to your Sporcle Settings to finish the process.

Report this User

Report this user for behavior that violates our Community Guidelines.

Details: